College by NFL Alumni - Statistics

General Stats
  • This quiz has been taken 126 times
  • The average score is 12 of 15
Answer Stats
Hint Answer % Correct
Rob Gronkowski, Tetairoa McMillan, Scooby Wright Arizona
96%
Jalen Pitre, Tyquan Thornton, Robert Griffin III Baylor
91%
Lamar Jackson, Jaire Alexander, Deion Branch Louisville
91%
Drew Brees, Rondale Moore, Tyrone Tracy Jr. Purdue
86%
Barry Sanders, Dez Bryant, Ollie Gordon Oklahoma State
84%
Derek Carr, Davante Adams, David Carr Fresno State
83%
Dak Prescott, Darius Slay, Fletcher Cox Mississippi State
83%
LaDanian Tomlinson, Quentin Johnston, Andy Dalton TCU
83%
Zay Flowers, Luke Kuechly, Matt Ryan Boston College
82%
Calvin Johnson, Demaryius Thomas, Harrison Butker Georgia Tech
72%
Steve Smith, Alex Smith, Dalton Kincaid Utah
72%
Sauce Gardner, Travis Kelce, Alec Pierce Cincinatti
62%
Marvin Harrison, Dwight Freeney, Donovan McNabb Syracuse
59%
Rashee Rice, Courtland Sutton, Emmanuel Sanders SMU
58%
Randall Cobb, Josh Allen (Linebacker), Wandale Robinson Kentucky
53%
No matching quizzes found
Score Distribution
Percent of People with Each Score
Percentile by Number Answered
Your Score History
You have not taken this quiz